000 00640nam a22002297a 4500
003 UA-OsUOA
001 99426
007 ta
008 20130429b un ||||| |||| 00| 0 ukr d
100 _aТвардовский А.
090 _a821.161.1
_bТ26
942 _cBK
040 _aUA-OsUOA
_brus
_cUA-OsUOA
_dUA-OsUOA
245 _aИз ранних стихотворений (1925 - 1935)
300 _a272 с.
955 _a3
041 _arus
080 _a821.161.1
260 _aМ.
_bСоветский писатель
_c1987
650 7 _a82 Література. Літературознавство
_2UDC
999 _c385566
_d385566